00458nam a2200193 a 4500001001300000003000900013005001700022008003800039020001000077082001300087100002700100245001800127260001300145300000900158500003500167505001000202650002500212700002700237nice12345678IN_TiNIC20260116011448.0050524s1884 a grp 000 0 per  ac10000a935bSHA aSharfud-Din, Fadiullah aTarikh Mu`jim abc1884 a308p aincludes index and biblioraphy2 aIndex aIran-Ancient-History1 aSharfud-Din, Fadiullah